Loading...
| Current Events | 3 | 26.67 | 100% | 100% | 67% |
| Fine Arts - Auditory | 6 | 21.67 | 100% | 100% | 17% |
| Fine Arts - Other | 7 | 17.14 | 100% | 71% | 0% |
| Fine Arts - Visual | 6 | 15.00 | 83% | 67% | 0% |
| Geography | 6 | 16.67 | 100% | 50% | 17% |
| History - American | 6 | 13.33 | 100% | 33% | 0% |
| History - Ancient/Other | 8 | 18.75 | 100% | 63% | 25% |
| History - European | 5 | 20.00 | 100% | 80% | 20% |
| History - World | 4 | 12.50 | 100% | 25% | 0% |
| Literature - American | 6 | 18.33 | 100% | 50% | 33% |
| Literature - British | 5 | 18.00 | 100% | 80% | 0% |
| Literature - European | 4 | 22.50 | 100% | 75% | 50% |
| Literature - World | 6 | 18.33 | 100% | 67% | 17% |
| Mythology | 5 | 16.00 | 100% | 60% | 0% |
| Other Academic | 4 | 17.50 | 100% | 50% | 25% |
| Philosophy | 7 | 12.86 | 100% | 29% | 0% |
| Religion | 6 | 13.33 | 100% | 33% | 0% |
| Science - Biology | 6 | 11.67 | 83% | 33% | 0% |
| Science - Chemistry | 8 | 18.75 | 100% | 88% | 0% |
| Science - Other | 10 | 16.00 | 80% | 60% | 20% |
| Science - Physics | 7 | 18.57 | 100% | 71% | 14% |
| Social Science | 9 | 14.44 | 100% | 33% | 11% |